00485nam a2200145Ia 4500082001200000100001800012245008400030260006300114300000900177504002500186650002200211650003000233650001100263710006500274 aRR.0230 aRath, Sharada 0aElections in India : A study of the eleventh assembly elections in Orissa, 1995 c1996bIndian Council of Social Science Research, New Delhi a95p. aAppendix at the end. aELECTIONS - INDIA aELECTIONS - ORISSA - 1995 aORISSA aInstitute of Public Policy Studies and Research, Bhubaneswar